000 01259nam0a22002771 4500
001 rc\1012468
005 20260405212319.0
035 _a(NLR Aleph) 006177849
090 _a6033668
_c6033668
100 _a20041129d1981 |||y0rusy50 ca
101 0 _arus
102 _aRU
105 _aa |||||||||
200 1 _aИзоляция зон поглощений с применением наполнителей
_f[Крылов В.И., Джангиров С.С., Сухенко Н.И. и др.]
210 _aМ.
_cВНИИОЭНГ
_d1981
215 _a47 с.
_cил.
_d20
225 1 _aНефтяная промышленность
_iСерия "Бурение"
_eОбзор. информ.
_fВНИИ орг., упр. и экономики нефтегазовой пром-сти
_vВып. 15
300 _aВ надзаг. также: М-во нефт. пром-сти
320 _aБиблиогр.: с. 45
701 1 _4070
_8rus
_7ca
_aКрылов
_bВ. И.
_cд-р техн. наук, бурение нефтяных и газовых скважин
_f1929-2017
_gВиктор Иванович
_3RU\NLR\AUTH\7795398
_978324
801 0 _aRU
_bNLR
_gpsbo
801 1 _aRU
_bELAR
_2rusmarc
852 _aNLR
_jП10/5857
942 _cBOOK
980 _aNB